| 000 | 00979nam a2200241 i 4500 | ||
|---|---|---|---|
| 001 | 104107 | ||
| 003 | ES-MaACL | ||
| 005 | 20230906183519.0 | ||
| 007 | t| | ||
| 008 | 051123s1946 sp ||||1| spa d | ||
| 080 | _a821.134.1-96"13" | ||
| 100 | 1 |
_aMetge, Bernat. _980726 |
|
| 245 | 1 | 3 |
_aLo somni / _cBernat Metge ; edición, prólogo y notas de Antonio Vilanova Andreu. |
| 260 |
_aBarcelona : _bInstituto Antonio de Nebrija, _c1946. |
||
| 300 |
_aXXX, 134 p. ; _c15 cm. |
||
| 490 | 1 |
_aPublicaciones de la Escuela de Filología de Barcelona. Filología moderna ; _v7 |
|
| 500 | _aPrecede al tít.: Consejo Superior de Investigaciones Científicas. Delegación de Barcelona. Instituto Antonio de Nebrija. | ||
| 700 | 1 |
_aVilanova Andreu, Antonio. _9114781 |
|
| 710 | 2 |
_aInstituto Antonio de Nebrija. _94795 |
|
| 830 | 1 |
_aPublicaciones de la Escuela de Filología de Barcelona. Filología moderna ; _v7 _9232624 |
|
| 852 | 4 |
_aES-MaACL _jG-9930 |
|
| 999 |
_c104107 _d104107 |
||